000 00935cam a22003017a 4500
003 CHAP
005 20220329141927.0
008 980630d1995 mx r 00110 spa d
010 _a75847
011 _a76819
020 _a9686823352
035 _a86409
040 _cCHAP
082 0 4 _a331.11
_bZ4
100 0 0 _aZepeda Miramontes, Eduardo.
_9123931
245 1 3 _aEl empleo y los servicios en la frontera norte
_c/por Eduardo Zepeda Miramontes y Gustavo Félix Verduzco
260 _aMéxico, D.F. :
_bFundación Friedrich Ebert,
_c1995.
300 _a123 p.
590 _aBATCH-UPD
_b10
_c20130110
_lUCH01
_h1347
590 _aCONVERSION
_b10
_c20130109
_lUCH01
_h1341
650 1 4 _aEmpleo.
_936545
650 1 4 _aServicios
_9105327
700 0 _aFelix Verduzco, Gustavo.
_940005
901 _aBK
905 _aAlejandra Carrasco M.
942 _cLIBRO
949 _a331.11 Z4
_bBC
_cLIBRO
_d33724000690665
_eLIBRO
_h92334
_i86409
_sb
999 _c75847
_d75847